00732 2200253 4500001002100000005001700021008004100038020001800079035002400097082001000121090001700131100002600148245011400174250001000288260004100298300003100339500003100370650001500401850001500416980001100431985000600442999001500448999001500463YOGYA-0209000003866120090227025405.0 ind  a979-421-934-7 0010-020900000038661 a519.5 a519.5bAgu S aAGUNG, I Gusti Ngurah aStatistikabpenerapan metode analisis untuk tabulasi sempurna dan tak sempura dena SPSScI Gusti Ngurah Agung aCet.2 aJakartabRaja Grafindo Persadac2004 axvii, 362 hlmbilusc23 cm aBibliografi : hlm. 360-361 aStatistika aYOPDYOG(B) a050506 a2 a05B0011717 a05B0011718